000 00745nam a2200241Ia 4500
003 OSt
005 20220923225253.0
006 a|||||r|||| 00| 0
007 ta
008 220922b |||||||| |||| 00| 0 hin d
024 _a261,757
037 _cTextual
040 _aARTS
_cARTS
_bhin
041 _2hin
_ahin
082 _aw2,N, 152N1
100 _aविष्णु प्रभाकर
_9156271
245 0 _aहमारे पथ प्रदर्शक
246 _aHamāre path pradarshaka
260 _aदिल्ली
_b आर्य प्रकाशन
_c1991
300 _a208पृ.
_ccm.
942 _hw2,N, 152N1
_cTEXL
_2CC
999 _c377151
_d377151